| 000 | 00719nam a2200229Ia 4500 | ||
|---|---|---|---|
| 001 | 16717 | ||
| 003 | GE_BSU | ||
| 008 | 181216s||||||||xx |||||||||||||| ||und|| | ||
| 040 | _cGE_BSU | ||
| 080 | _a82-93:821.161.1-3 | ||
| 100 | _aვორონკოვა, ლ. | ||
| 245 | _aუფროსი და | ||
| 245 | _bმოთხრობა : საშ. სკოლის ასაკისათვის | ||
| 245 | _cთარგმ. თ. ბებურიშვილისა | ||
| 260 | _aთბილისი | ||
| 260 | _bნაკადული | ||
| 260 | _c1962 | ||
| 300 | _a251გვ. ; 21სმ | ||
| 653 | _aმოთხრობა | ||
| 653 | _aუფროსი და | ||
| 942 | _cBK | ||
| 999 |
_c49782 _d49782 |
||